The magical mongoose & the dzambhala / (Record no. 4564)

MARC details
000 -LEADER
fixed length control field 00559nam a2200169 4500
001 - CONTROL NUMBER
control field 5430
005 - DATE AND TIME OF LATEST TRANSACTION
control field 20181127175523.0
020 00 - INTERNATIONAL STANDARD BOOK NUMBER
International Standard Book Number 9789993695301
090 00 - LOCALLY ASSIGNED LC-TYPE CALL NUMBER (OCLC); LOCAL CALL NUMBER (RLIN)
Classification number (OCLC) (R) ; Classification number, CALL (RLIN) (NR) 895.1 G996m 2015
100 ## - MAIN ENTRY--PERSONAL NAME
Personal name Gyaltshen, Pema.
Numeration
Titles and words associated with a name
Dates associated with a name
Relator term
Fuller form of name
245 00 - TITLE STATEMENT
Title The magical mongoose & the dzambhala /
Remainder of title
Statement of responsibility, etc. Story by Pema Gyaltshen, Illustrations by Chand Bhattarai.
Medium
260 00 - PUBLICATION, DISTRIBUTION, ETC.
Place of publication, distribution, etc. [Thimphu] :
Name of publisher, distributor, etc. n.p.,
Date of publication, distribution, etc. 2015.
300 00 - PHYSICAL DESCRIPTION
Extent 40 p. : col. ill. ; 22 cm.
500 00 - GENERAL NOTE
General note Illustrations by Chand Bhattarai.
651 ## - SUBJECT ADDED ENTRY--GEOGRAPHIC NAME
Geographic name Bhutan --Fiction.
Form subdivision
General subdivision
Chronological subdivision
Geographic subdivision
Source of heading or term
Geographic name Bhutan --Juvenile literature.
Form subdivision
General subdivision
Chronological subdivision
Geographic subdivision
Source of heading or term
Holdings
Withdrawn status Lost status Source of classification or shelving scheme Damaged status Not for loan Collection code Home library Current library Shelving location Date acquired Serial Enumeration / chronology Inventory number Total Checkouts Total Renewals Full call number Barcode Date last seen Date last checked out Price effective from Koha item type
    Dewey Decimal Classification     Main TEST RTC Library RTC Library Main opac 15/09/2023 8773 3 3 895.1 GYA 30008671 10/11/2023 16/09/2023 27/11/2018 Main
Royal Thimphu College || All Right Reserved